[Event "Brasilia Marista op IRT"]
[Site "Brasilia"]
[Date "2018.08.26"]
[Round "2.2"]
[White "Pimenta, Jeronimo Marques"]
[Black "De Rezende, Fernando Alencar"]
[Result "1-0"]
[WhiteElo "2095"]
[BlackElo "1553"]
[PlyCount "53"]
[EventDate "2018.08.26"]
[EventType "swiss"]
[EventRounds "5"]
[EventCountry "BRA"]
[SourceTitle "CBM 186 Extra"]
[Source "ChessBase"]
[SourceDate "2018.08.24"]
[SourceVersion "1"]
[SourceVersionDate "2018.08.24"]
[SourceQuality "1"]

1. d4 e6 2. c4 d5 3. Nf3 Nf6 4. Nc3 Be7 5. e3 0-0 6. Bd3 c5 7. 0-0 Nc6 8. b3 Qd7 9. Bb2 Rd8 10. Ne5 Nxe5 11. dxe5 Ne8 12. Qe2 b6 13. Rad1 Bb7 14. cxd5 exd5 15. f4 Nc7 16. f5 Qc6 17. f6 gxf6 18. Qh5 Kf8 19. Qxh7 Ke8 20. Qg8+ Kd7 21. Bf5+ Ne6 22. Qxf7 Rg8 23. Nxd5 Qxd5 24. Bxe6+ Kc7 25. Qxe7+ Kb8 26. Bxd5 Bxd5 27. Rxd5 1-0

[Event "BRA-ch U12"]
[Site "Florianopolis"]
[Date "2018.05.01"]
[Round "6"]
[White "De Rezende, Fernando Alencar"]
[Black "Kim, Thiago"]
[Result "1-0"]
[WhiteElo "1557"]
[BlackElo "1435"]
[PlyCount "113"]
[EventDate "2018.04.28"]
[EventType "swiss"]
[EventRounds "6"]
[EventCountry "BRA"]
[SourceTitle "EXT 2021"]
[Source "ChessBase"]
[SourceDate "2020.10.23"]
[SourceVersion "1"]
[SourceVersionDate "2020.10.23"]
[SourceQuality "1"]

1. e4 c5 2. Nf3 e6 3. d4 cxd4 4. Nxd4 a6 5. Nc3 b5 6. a3 Bb7 7. f3 Qc7 8. Be3 Nf6 9. Qd2 d5 10. exd5 Nxd5 11. Nxd5 Bxd5 12. Be2 Bd6 13. g3 Nd7 14. Rf1 Rc8 15. Rc1 Nb6 16. Nf5 0-0 17. Nxd6 Qxd6 18. Bxb6 Qxb6 19. c3 Rfd8 20. Qf4 Qc7 21. Qxc7 Rxc7 22. Rd1 Rcd7 23. Kf2 Kf8 24. Ke3 Ke7 25. Rd3 Bb3 26. Rf2 Kf6 27. Rxd7 Rxd7 28. Bd3 h5 29. Rd2 Bc4 30. Be4 Rxd2 31. Kxd2 Ke5 32. Bb7 a5 33. Ke3 Bd5 34. f4+ Kd6 35. Bxd5 Kxd5 36. Kd3 a4 37. h3 f5 38. c4+ Kc5 39. cxb5 Kxb5 40. Kc3 Kc5 41. b3 axb3 42. Kxb3 Kd4 43. a4 Ke3 44. a5 Kf3 45. a6 Kxg3 46. a7 Kxf4 47. a8Q e5 48. Kc2 g5 49. Kd2 g4 50. hxg4 hxg4 51. Qg2 g3 52. Ke2 e4 53. Qh3 e3 54. Qh4+ Ke5 55. Qxg3+ f4 56. Qf3 Kf5 57. Kd3 1-0

[Event "Brasilia IRT U16/18"]
[Site "Brasilia"]
[Date "2018.03.04"]
[Round "6.5"]
[White "De Rezende, Fernando Alencar"]
[Black "De Siqueira, Luigy Lira"]
[Result "1/2-1/2"]
[WhiteElo "1484"]
[BlackElo "1569"]
[PlyCount "106"]
[EventDate "2018.03.02"]
[EventType "swiss"]
[EventRounds "6"]
[EventCountry "BRA"]
[SourceTitle "EXT 2022"]
[Source "ChessBase"]
[SourceDate "2021.10.06"]
[SourceVersion "1"]
[SourceVersionDate "2021.10.06"]
[SourceQuality "1"]

1. e4 e5 2. Nf3 Nc6 3. Bc4 Bc5 4. c3 Nf6 5. d3 0-0 6. 0-0 Bb6 7. a4 a5 8. Na3 Re8 9. Nc2 d5 10. exd5 Nxd5 11. Re1 Bg4 12. h3 Bh5 13. Ne3 Nxe3 14. Bxe3 Bxe3 15. Rxe3 Qd7 16. Qe1 Bxf3 17. Rxf3 Re7 18. Qe4 Rb8 19. Re1 Rbe8 20. Bb5 Re6 21. Bc4 R6e7 22. Rfe3 Qd6 23. Bd5 g6 24. Qc4 Kg7 25. Bxc6 Qxc6 26. Qxc6 bxc6 27. Re4 f5 28. Rc4 Rb8 29. Re2 Rb6 30. f3 Kf7 31. Rc5 e4 32. fxe4 fxe4 33. dxe4 Ra6 34. e5 Ke6 35. Kf2 Rf7+ 36. Ke1 Rd7 37. Rd2 Rd5 38. Rdxd5 cxd5 39. Rxc7 Rb6 40. Rxh7 Rxb2 41. Ra7 Rxg2 42. Rxa5 Rg3 43. Rc5 Rxh3 44. Rc6+ Kf5 45. e6 Re3+ 46. Kf2 Rxe6 47. Rxe6 Kxe6 48. Ke3 Kd6 49. Kf4 Kc6 50. Ke5 g5 51. Kf5 Kb6 52. Kxg5 Ka5 53. Kf4 Kxa4 1/2-1/2

[Event "Brasilia Terraviva op"]
[Site "Brasilia"]
[Date "2018.01.14"]
[Round "7"]
[White "De Rezende, Fernando Alencar"]
[Black "Balzani, Diones"]
[Result "1-0"]
[WhiteElo "1377"]
[BlackElo "1663"]
[PlyCount "37"]
[EventDate "2018.01.11"]
[EventType "swiss"]
[EventRounds "7"]
[EventCountry "BRA"]
[SourceTitle "CBM 182 Extra"]
[Source "ChessBase"]
[SourceDate "2018.02.23"]
[SourceVersion "1"]
[SourceVersionDate "2018.02.23"]
[SourceQuality "1"]

1. e4 c5 2. Nf3 d6 3. d4 cxd4 4. Nxd4 Nf6 5. Nc3 a6 6. Be3 g6 7. f3 Bg7 8. Qd2 Nc6 9. 0-0-0 Bd7 10. Be2 b5 11. h4 b4 12. Nd5 a5 13. Nxf6+ Bxf6 14. g4 Nxd4 15. Bxd4 Bxd4 16. Qxd4 0-0 17. h5 g5 18. h6 Qc7 19. Qg7# 1-0

[Event "Brasilia Terraviva op"]
[Site "Brasilia"]
[Date "2018.01.13"]
[Round "5"]
[White "De Paula, Luciano Alves"]
[Black "De Rezende, Fernando Alencar"]
[Result "1-0"]
[WhiteElo "1812"]
[BlackElo "1377"]
[PlyCount "65"]
[EventDate "2018.01.11"]
[EventType "swiss"]
[EventRounds "7"]
[EventCountry "BRA"]
[SourceTitle "CBM 182 Extra"]
[Source "ChessBase"]
[SourceDate "2018.02.23"]
[SourceVersion "1"]
[SourceVersionDate "2018.02.23"]
[SourceQuality "1"]

1. e4 c5 2. Nf3 Nc6 3. d4 cxd4 4. Nxd4 g6 5. Be3 Bg7 6. Nc3 Nf6 7. f3 0-0 8. Qd2 Nxd4 9. Bxd4 b6 10. 0-0-0 Bb7 11. Be2 e6 12. g4 d5 13. exd5 Nxd5 14. Bxg7 Kxg7 15. h4 Qc7 16. Ne4 Qf4 17. h5 Qxd2+ 18. Rxd2 Nf4 19. h6+ Kh8 20. Bd1 Rad8 21. Nd6 Bd5 22. Ne4 Rc8 23. Nc3 Rc5 24. Nxd5 Nxd5 25. Be2 Nb4 26. a3 Nc6 27. Rd7 Kg8 28. Rhd1 f5 29. Rg7+ Kh8 30. Rdd7 Rd8 31. Rxh7+ Kg8 32. Rdg7+ Kf8 33. Rh8# 1-0

[Event "Brasilia Terraviva op"]
[Site "Brasilia"]
[Date "2018.01.13"]
[Round "4"]
[White "De Rezende, Fernando Alencar"]
[Black "Felix, Luiza de Oliveira"]
[Result "1-0"]
[WhiteElo "1377"]
[BlackElo "1723"]
[PlyCount "59"]
[EventDate "2018.01.11"]
[EventType "swiss"]
[EventRounds "7"]
[EventCountry "BRA"]
[SourceTitle "CBM 182 Extra"]
[Source "ChessBase"]
[SourceDate "2018.02.23"]
[SourceVersion "1"]
[SourceVersionDate "2018.02.23"]
[SourceQuality "1"]

1. e4 c5 2. Nf3 Nc6 3. d4 cxd4 4. Nxd4 g6 5. Nc3 Nf6 6. Be2 Bg7 7. Be3 0-0 8. Qd2 d5 9. exd5 Nxd5 10. Nxc6 bxc6 11. 0-0-0 Be6 12. Bd4 Bxd4 13. Qxd4 Qa5 14. Qa4 Qb6 15. Rd4 Nxc3 16. bxc3 Rab8 17. Rhd1 Qb2+ 18. Kd2 Rbd8 19. Qxa7 Ra8 20. Qxe7 Rxa2 21. Bd3 Ra3 22. Qc5 Bd5 23. f3 Rb8 24. Rb4 Rxb4 25. Qxb4 Rb3 26. Qd4 Ra3 27. Re1 Be6 28. Bc4 Ra5 29. Bxe6 fxe6 30. Qd8+ 1-0

[Event "Brasilia Viva op"]
[Site "Brasilia"]
[Date "2017.04.28"]
[Round "1"]
[White "De Rezende, Fernando Alencar"]
[Black "Japiassu, Ricardo de Villa No"]
[Result "0-1"]
[WhiteElo "1434"]
[BlackElo "1927"]
[PlyCount "56"]
[EventDate "2017.04.28"]
[EventType "swiss"]
[EventRounds "7"]
[EventCountry "BRA"]
[SourceTitle "CBM 178 Extra"]
[Source "ChessBase"]
[SourceDate "2017.06.22"]
[SourceVersion "1"]
[SourceVersionDate "2017.06.22"]
[SourceQuality "1"]

1. e4 c5 2. Nf3 a6 3. d4 cxd4 4. Nxd4 e6 5. Nc3 b5 6. a3 Qc7 7. Be2 Bb7 8. 0-0 Nf6 9. Qd3 d6 10. Re1 Nbd7 11. f4 Nc5 12. Ncxb5 axb5 13. Qxb5+ Ncd7 14. Bf3 e5 15. fxe5 dxe5 16. Nb3 Be7 17. Kh1 Qxc2 18. Qxb7 Rb8 19. Qa7 Qxb3 20. Bd1 Qe6 21. Ba4 0-0 22. b4 Nb6 23. Rb1 Ra8 24. Bb3 Qxb3 25. Qxa8 Qxb1 26. Qb7 Nfd7 27. Bd2 Qd3 28. a4 Qxd2 0-1

[Event "Brasilia Marista U2200"]
[Site "Brasilia"]
[Date "2016.08.28"]
[Round "4.2"]
[White "De Rezende, Fernando Alencar"]
[Black "Felix, Raimundo Nascimento"]
[Result "0-1"]
[WhiteElo "1484"]
[BlackElo "1907"]
[PlyCount "80"]
[EventDate "2016.08.27"]
[EventType "swiss"]
[EventRounds "5"]
[EventCountry "BRA"]
[SourceTitle "EXT 2022"]
[Source "ChessBase"]
[SourceDate "2021.10.06"]
[SourceVersion "1"]
[SourceVersionDate "2021.10.06"]
[SourceQuality "1"]

1. d4 Nf6 2. Nf3 e6 3. Nc3 b6 4. g3 Bb7 5. Bg2 Bb4 6. Bd2 d6 7. a3 Bxc3 8. Bxc3 Ne4 9. Qd3 Nxc3 10. Qxc3 Nd7 11. 0-0 0-0 12. e3 Nf6 13. Qd3 Be4 14. Qd1 Qe7 15. Nh4 Rad8 16. Bxe4 Nxe4 17. Qd3 f5 18. f3 Nf6 19. Rae1 g5 20. Ng2 d5 21. c3 c5 22. dxc5 bxc5 23. f4 g4 24. Re2 Qb7 25. Rd1 Qb6 26. Kh1 Ne4 27. Ne1 Qb7 28. Kg1 Qb3 29. Qc2 Qb6 30. Qd3 Rd6 31. b4 a5 32. Nc2 c4 33. Qd4 Qxd4 34. Rxd4 Nxc3 35. Re1 axb4 36. axb4 Ra6 37. Ra1 Rxa1+ 38. Nxa1 Ne2+ 39. Kf1 Nxd4 40. Ke1 Ra8 0-1

[Event "BRA-ch Regional Centro Oeste"]
[Site "Brasilia"]
[Date "2016.08.14"]
[Round "5.17"]
[White "De Rezende, Fernando Alencar"]
[Black "Taira, Erick Hideki"]
[Result "0-1"]
[WhiteElo "1484"]
[BlackElo "1706"]
[PlyCount "76"]
[EventDate "2016.08.12"]
[EventType "swiss"]
[EventRounds "6"]
[EventCountry "BRA"]
[SourceTitle "EXT 2022"]
[Source "ChessBase"]
[SourceDate "2021.10.06"]
[SourceVersion "1"]
[SourceVersionDate "2021.10.06"]
[SourceQuality "1"]

1. e4 c5 2. Nf3 Nc6 3. Nc3 d6 4. Bc4 e6 5. 0-0 a6 6. a3 b5 7. Ba2 Nf6 8. d3 Be7 9. h3 0-0 10. Re1 Bb7 11. Be3 d5 12. b3 d4 13. Bd2 dxc3 14. Bxc3 Nd4 15. b4 Nxf3+ 16. Qxf3 cxb4 17. axb4 Rc8 18. Bxf6 Bxf6 19. Rac1 Bg5 20. Rcd1 Rxc2 21. Bb1 Rb2 22. Qg3 Bh4 23. Qg4 Bxf2+ 24. Kf1 Bxe1 25. Kxe1 Rxb4 26. h4 Rxb1 27. Rxb1 Qxd3 28. Rd1 Qxe4+ 29. Qxe4 Bxe4 30. Kf2 b4 31. Rd4 a5 32. Ke2 Bd5 33. Rd1 b3 34. Kd2 Rc8 35. Rb1 a4 36. Rb2 a3 37. Rb1 a2 38. Rd1 b2 0-1

[Event "Brasilia IRT Mearas U2200 I"]
[Site "Brasilia"]
[Date "2015.12.06"]
[Round "4.4"]
[White "De Rezende, Fernando Alencar"]
[Black "Terra, Osmar Gasparine"]
[Result "1-0"]
[WhiteElo "1775"]
[BlackElo "1528"]
[PlyCount "45"]
[EventDate "2015.12.05"]
[EventType "swiss"]
[EventRounds "5"]
[EventCountry "BRA"]
[SourceTitle "EXT 2022"]
[Source "ChessBase"]
[SourceDate "2021.10.06"]
[SourceVersion "1"]
[SourceVersionDate "2021.10.06"]
[SourceQuality "1"]

1. d4 d5 2. c4 e6 3. Nc3 c5 4. e3 Nf6 5. Nf3 a6 6. h3 Nc6 7. Be2 cxd4 8. exd4 Bb4 9. Bd2 0-0 10. 0-0 h6 11. a3 Bxc3 12. Bxc3 Nh7 13. cxd5 exd5 14. Bd3 f5 15. Bb4 Rf6 16. Ne5 Nxe5 17. dxe5 Rg6 18. g4 Ng5 19. gxf5 Nxh3+ 20. Kh1 Qh4 21. fxg6 Nxf2+ 22. Kg1 Nxd1 23. Rf8# 1-0

[Event "Brasilia FBX Nova Geracao U1800"]
[Site "Brasilia"]
[Date "2015.07.25"]
[Round "2.19"]
[White "Labussiere, Victor"]
[Black "De Rezende, Fernando Alencar"]
[Result "1-0"]
[WhiteElo "1594"]
[BlackElo "1792"]
[PlyCount "57"]
[EventDate "2015.07.25"]
[EventType "swiss"]
[EventRounds "5"]
[EventCountry "BRA"]
[SourceTitle "EXT 2022"]
[Source "ChessBase"]
[SourceDate "2021.10.06"]
[SourceVersion "1"]
[SourceVersionDate "2021.10.06"]
[SourceQuality "1"]

1. d4 d5 2. c4 e6 3. Nf3 Nf6 4. e3 g6 5. Nc3 Bg7 6. Bd3 0-0 7. 0-0 Nc6 8. Re1 Ng4 9. h3 Nh6 10. b3 e5 11. dxe5 Bxe5 12. Nxe5 Nxe5 13. cxd5 Nxd3 14. Qxd3 Bf5 15. e4 Bd7 16. Bxh6 Re8 17. e5 Bf5 18. Qg3 c6 19. d6 Re6 20. Ne4 Bxe4 21. Rxe4 f5 22. Rc4 Qe8 23. f4 g5 24. Bxg5 Rg6 25. Qc3 Rc8 26. Rc1 b5 27. Rd4 Qe6 28. d7 Rd8 29. Bxd8 1-0